000
00330nam a2200145Ia 4500
008
150201s2005 xx 000 0 und d
082
_a
610.733
_b
W2005P
100
_a
PATEL,MANUKH B.
245
_a
WARD PROCEDURES
250
_a
4TH
260
_b
ELSEVIER
_a
DELHI
_c
2005
300
_a
1-434
650
_a
NURSING
942
_2
ddc
_c
BK
999
_c
4082
_d
4082